<?xml version="1.0" encoding="UTF-8"?>
<record
    xmlns:xsi="http://www.w3.org/2001/XMLSchema-instance"
    xsi:schemaLocation="http://www.loc.gov/MARC21/slim http://www.loc.gov/standards/marcxml/schema/MARC21slim.xsd"
    xmlns="http://www.loc.gov/MARC21/slim">

  <leader>01170nam a2200337 i 4500</leader>
  <controlfield tag="003">EG-GICUC</controlfield>
  <controlfield tag="005">20260121134029.0</controlfield>
  <controlfield tag="008">260121s1960    ua ||||fr|||| 00| 0 ara d</controlfield>
  <datafield tag="040" ind1=" " ind2=" ">
    <subfield code="a"> EG-GICUC</subfield>
    <subfield code="b">ara</subfield>
    <subfield code="c"> EG-GICUC</subfield>
    <subfield code="d"> EG-GICUC</subfield>
    <subfield code="e">rda</subfield>
  </datafield>
  <datafield tag="041" ind1="0" ind2=" ">
    <subfield code="a">ara</subfield>
  </datafield>
  <datafield tag="082" ind1="0" ind2="4">
    <subfield code="2">21</subfield>
    <subfield code="a">341.66</subfield>
    <subfield code="b">&#x62C; &#x648; . &#x646;</subfield>
  </datafield>
  <datafield tag="092" ind1="0" ind2="4">
    <subfield code="2">21</subfield>
  </datafield>
  <datafield tag="099" ind1=" " ind2=" ">
    <subfield code="a">Law1 11 341.66 &#x62C; &#x648; . &#x646; 1960</subfield>
  </datafield>
  <datafield tag="100" ind1="1" ind2=" ">
    <subfield code="a">&#x633;&#x62A;&#x631;&#x627;&#x634;&#x64A;,&#x62C;&#x648;&#x646;</subfield>
    <subfield code="e">&#x645;&#x624;&#x644;&#x641;.</subfield>
  </datafield>
  <datafield tag="245" ind1="1" ind2="2">
    <subfield code="a">&#x646;&#x647;&#x627;&#x64A;&#x629; &#x627;&#x644;&#x625;&#x633;&#x62A;&#x639;&#x645;&#x627;&#x631; /</subfield>
    <subfield code="c">&#x62C;&#x648;&#x646; &#x633;&#x62A;&#x631;&#x627;&#x634;&#x64A;.</subfield>
  </datafield>
  <datafield tag="246" ind1=" " ind2=" ">
    <subfield code="a">The End Of Empire</subfield>
  </datafield>
  <datafield tag="264" ind1=" " ind2="1">
    <subfield code="a">&#x645;&#x635;&#x631; :</subfield>
    <subfield code="b">&#x627;&#x644;&#x62F;&#x627;&#x631; &#x627;&#x644;&#x642;&#x648;&#x645;&#x64A;&#x629; &#x644;&#x644;&#x637;&#x628;&#x627;&#x639;&#x629; &#x648; &#x627;&#x644;&#x646;&#x634;&#x631; ,</subfield>
    <subfield code="c">1960 .</subfield>
  </datafield>
  <datafield tag="300" ind1=" " ind2=" ">
    <subfield code="a">&#x635;&#x641;&#x62D;&#x629;&#x61B; 252 </subfield>
    <subfield code="c">24 &#x633;&#x645;</subfield>
  </datafield>
  <datafield tag="336" ind1=" " ind2=" ">
    <subfield code="2">rda content</subfield>
    <subfield code="a">text</subfield>
  </datafield>
  <datafield tag="337" ind1=" " ind2=" ">
    <subfield code="2">rda media</subfield>
    <subfield code="a">Computer</subfield>
  </datafield>
  <datafield tag="338" ind1=" " ind2=" ">
    <subfield code="2">rda carrier</subfield>
    <subfield code="a">Online Resource</subfield>
  </datafield>
  <datafield tag="546" ind1=" " ind2=" ">
    <subfield code="a">&#x627;&#x644;&#x646;&#x635; &#x628;&#x627;&#x644;&#x644;&#x63A;&#x629; &#x627;&#x644;&#x639;&#x631;&#x628;&#x64A;&#x629; &#x645;&#x62A;&#x631;&#x62C;&#x645; &#x645;&#x646; &#x627;&#x644;&#x627;&#x646;&#x62C;&#x644;&#x64A;&#x632;&#x64A;&#x629;</subfield>
  </datafield>
  <datafield tag="650" ind1="0" ind2="4">
    <subfield code="a">&#x627;&#x644;&#x642;&#x627;&#x646;&#x648;&#x646; &#x627;&#x644;&#x62F;&#x648;&#x644;&#x64A; &#x627;&#x644;&#x639;&#x627;&#x645;</subfield>
  </datafield>
  <datafield tag="650" ind1="0" ind2="4">
    <subfield code="a">&#x646;&#x647;&#x627;&#x64A;&#x629; &#x627;&#x644;&#x62D;&#x631;&#x628;</subfield>
  </datafield>
  <datafield tag="651" ind1="1" ind2=" ">
    <subfield code="2">qrmak</subfield>
  </datafield>
  <datafield tag="700" ind1=" " ind2=" ">
    <subfield code="a">&#x62D;&#x633;&#x64A;&#x646; &#x627;&#x644;&#x62D;&#x648;&#x62A;</subfield>
    <subfield code="e">&#x645;&#x62A;&#x631;&#x62C;&#x645;.</subfield>
  </datafield>
  <datafield tag="700" ind1=" " ind2=" ">
    <subfield code="a">&#x645;&#x62D;&#x645;&#x648;&#x62F; &#x62D;&#x633;&#x64A;&#x646; &#x62D;&#x644;&#x645;&#x64A;</subfield>
    <subfield code="e">&#x645;&#x62A;&#x631;&#x62C;&#x645;.</subfield>
  </datafield>
  <datafield tag="856" ind1="4" ind2="0">
    <subfield code="u">https://fll.law.cu.edu.eg/fulltext/bks/B11-04440.pdf</subfield>
  </datafield>
  <datafield tag="905" ind1=" " ind2=" ">
    <subfield code="a">59</subfield>
  </datafield>
  <datafield tag="942" ind1=" " ind2=" ">
    <subfield code="2">ddc</subfield>
    <subfield code="c">BK</subfield>
    <subfield code="e">21</subfield>
    <subfield code="n">0</subfield>
  </datafield>
  <datafield tag="999" ind1=" " ind2=" ">
    <subfield code="c">58408</subfield>
    <subfield code="d">58408</subfield>
  </datafield>
  <datafield tag="952" ind1=" " ind2=" ">
    <subfield code="0">0</subfield>
    <subfield code="1">0</subfield>
    <subfield code="2">ddc</subfield>
    <subfield code="4">0</subfield>
    <subfield code="7">1</subfield>
    <subfield code="8">&#x627;&#x644;&#x642;&#x627;&#x646;&#x648;&#x646; &#x627;&#x644;&#x62F;&#x648;&#x644;&#x64A; &#x627;&#x644;&#x639;&#x627;&#x645;</subfield>
    <subfield code="a">CU</subfield>
    <subfield code="b">LAW1</subfield>
    <subfield code="d">2026-01-21</subfield>
    <subfield code="l">0</subfield>
    <subfield code="o">Law1 11 341.66 &#x62C; &#x648; . &#x646; 1104440 1960 C1</subfield>
    <subfield code="p">B11-04440</subfield>
    <subfield code="r">2026-01-21 13:40:59</subfield>
    <subfield code="t">1</subfield>
    <subfield code="w">2026-01-21</subfield>
    <subfield code="y">BK</subfield>
  </datafield>
</record>
